00263nam a22001091a 4500020001800000082001700018100001200035245003900047260004600086300000900132650001200141 a9788176901949 aM 909bGAY/K aGayatri aKalyum nagarikathayum/cby Gayatri aThrissur:bKerala Sahitya Academi,c2009. a91p. aHistory